|
|
|
|
| LEADER |
00000nam0a2200000 4500 |
| 001 |
297663 |
| 005 |
20231102001029.0 |
| 020 |
|
|
|a RU
|b 84-73881
|
| 035 |
|
|
|a (RuTPU)RU\TPU\book\322797
|
| 090 |
|
|
|a 297663
|
| 100 |
|
|
|a 20150610d1984 km y0rusy5003 ca
|
| 101 |
0 |
|
|a rus
|
| 102 |
|
|
|a RU
|
| 105 |
|
|
|a a z 000zy
|
| 200 |
1 |
|
|a Аварии в строительстве
|f А. Н. Шкинев
|
| 205 |
|
|
|a 4-е изд., перераб. и доп.
|
| 210 |
|
|
|a Москва
|c Стройиздат
|d 1984
|
| 215 |
|
|
|a 320 с.
|c ил.
|d 20 см
|
| 300 |
|
|
|a На пер. авт. не указан
|
| 606 |
1 |
|
|a Аварии
|x строительство
|2 stltpush
|3 (RuTPU)RU\TPU\subj\78
|9 29117
|
| 610 |
1 |
|
|a здания
|
| 610 |
1 |
|
|a строительные конструкции
|
| 610 |
1 |
|
|a постройки
|
| 610 |
1 |
|
|a повреждения
|
| 610 |
1 |
|
|a прочность
|
| 610 |
1 |
|
|a обрушение
|
| 610 |
1 |
|
|a металлические конструкции
|
| 610 |
1 |
|
|a стальные трубопроводы
|
| 610 |
1 |
|
|a мосты
|
| 610 |
1 |
|
|a пролетные строения
|
| 610 |
1 |
|
|a горно-обогатительные предприятия
|
| 610 |
1 |
|
|a склады
|
| 675 |
|
|
|a 69.059.2
|z rus
|v 4
|
| 700 |
|
1 |
|a Шкинев
|b А. Н.
|g Александр Николаевич
|4 070
|
| 801 |
|
0 |
|a RU
|b RuMRKP
|c 19950704
|g psbo
|
| 801 |
|
1 |
|a RU
|b 63413507
|c 20150610
|
| 801 |
|
2 |
|a RU
|b 63413507
|c 20170726
|g RCR
|
| 942 |
|
|
|c BK
|